000 01315 a2200217 4500
020 _a1591405181
020 _a1591405181
020 _a 1591405181
022 _a1591405181
040 _aDLC
_bDLC
245 0 0 _aDigital watermarking for digital media
_cJuergen Seitz, editor
260 _aHershey, PA :
_bInformation Science Pub.,
_cc2005.
300 _aix, 262 p. :
_bill. ;
_c26 cm.
520 1 _a"Digital Watermarking for Digital Media discusses the new aspects of digital watermarking in a worldwide context. Approached not only from the technical side, but the business and legal sides as well, this book discusses digital watermarking as it relates to many areas of digital media. Broad in its approach, Digital Watermarking for Digital Media provides a comprehensive overview not provided by any texts. Students in information technology, law, multimedia design, and economics will all find valuable material here. But this book is not limited to only students. Artists, composers, lawyers, and publishers will all find value in this digital watermarking book."--BK JACKET.
650 0 _aComputer security.
650 0 _aDigital watermarking.
650 0 _aMultimedia systems
_xSecurity measures.
650 0 _aIntellectual property.
700 1 _aSeitz, Juergen,
_d1968-
942 _cBK
_k005.8 SEI
_2ddc
999 _c6850
_d6850